000 01138nam a2200337Ia 4500
005 20220317001724.0
008 170328s2013 s g 000 f s
020 _a9788415576785
041 _aspa
100 1 _aPavese, Cesare
_d1908-1950
245 1 0 _aAntes de que cante el gallo
_cCesare Pavese ; traducción de Isabel Verdejo y Ester Quirós
250 _a1a. edición
300 _a307 páginas
_c23 cm
490 _aNarrativa contemporánea
500 _aIncluye datos biográficos del autor
534 _tPrima che il gallo canti
650 1 4 _2LEMB
_aNovela italiana
_ySiglo XX
650 1 4 _2LEMB
_aLiteratura italiana
_ySiglo XX
650 1 4 _2LEMB
_aGuerra en la literatura
650 1 4 _2LEMB
_aSoledad en la literatura
650 1 4 _2LEMB
_aPrisioneros en la literatura
700 1 _aVerdejo, Isabel
_etraductora
_989563
700 1 _aQuirós, Ester
_etraductora
_989564
942 _2loc
_cBKLIT
264 _aValencia
_bPre-textos
_c2013
336 _atexto
_btxt
_2rdacontent
337 _asin mediación
_bn
_2rdamedia
338 _avolumen
_bnc
_2rdacarrier
040 _aCO-BoRNBP
_bspa
_erda
_cCO-BoRNBP
084 _aN PAV1
999 _c7861
_d7861